Histoire en images - F - Statistiques

Statistiques générales
  • Ce quiz a été pris 358 fois
  • Le résultat moyen est 13 sur 18
Statistiques - réponses
Par images Hint Réponse % Correct
Devise monétaire Franc français
100%
Acteur Louis de Funès
97%
Diariste Anne Frank
96%
Symbole Fleur de lys
95%
Constructeur automobile Ford
91%
Roi François Ier
89%
Neurologue / Psychanalyste Sigmund Freud
89%
Berceau de la Renaissance Florence
86%
Coalition politique de 1936 Front populaire
74%
Préfecture japonaise Fukushima
71%
Père fondateur / Inventeur Benjamin Franklin
63%
Région historique Flandres
63%
Organisation Franc-maçonnerie
57%
Place publique Forum romain
56%
Ville Fontainebleau
43%
Homme d'État Jules Ferry
43%
Homme d'État Félix Faure
39%
Parti politique FLN
39%
Aucun quiz correspondant
Distribution des résultats
% des personnes avec chaque résultat
Percentile par nombre de réponses
Votre historique - résultats
Vous n’avez pas pris ce quiz